| 000 | 00874nam a22001937a 4500 | ||
|---|---|---|---|
| 999 |
_c62799 _d62799 |
||
| 003 | Ge_BSU | ||
| 005 | 20250218113144.0 | ||
| 008 | 250218s1991 ge ||||| |||| 00| 0 geo d | ||
| 041 | _ageo | ||
| 080 | _a613.95 ს-77 | ||
| 100 |
_aსპოკი, ბენჯამინ _91140 |
||
| 245 |
_aბავშვი და მისი მოვლა / _cბენჯამინ სპოკი; [თარგმნა ლიანა ჩხეიძემ]. |
||
| 264 |
_aთბილისი : _b საქ. ჟურნალისტთა დამოუკიდებელი კავშირი, _c 1991. |
||
| 300 |
_a621 გვ. ; _b 22 სმ. |
||
| 653 | _aბავშვის მოვლა | ||
| 653 | _aმედიცინა | ||
| 700 |
_aჩხეიძე, ლიანა _eმთარგმნელი _923687 |
||
| 942 |
_2udc _cᲬᲘᲒᲜᲘ |
||